000 00834cab a2200253 4500
001 ABS59740
008 090401t1998 xxu||||| |||| 00| 0 eng d
035 _a(Sirsi) u89910
041 _aeng
245 _aGuide to alternative land use
260 _c1998
350 _a0
490 _aFarm Development Review
_v12(11) September 1998, (8) LOAN
520 _aIncludes articles on deer farming, energy crops, a turkey franchise, Government aid for small food and drink companies, and additional investment for environmentally friendly farming.
650 _aDEER FARMING
650 _aENERGY CROPS
650 _aENVIRONMENTALLY FRIENDLY FARMING
650 _aNFFO
650 _aREGIONAL FOOD TECHNOLOGY TRANSFER CENTRES
650 _aTURKEY FRANCHISES
690 _aRURAL PRACTICE
942 _n0
948 _c24/11/1998
999 _c56926
_d56926